|
|
|
|
| LEADER |
00843naa a2200193 i 4500 |
| 001 |
acta60431 |
| 005 |
20260224081030.0 |
| 008 |
190805s2008 hu o 100 hun d |
| 040 |
|
|
|a SZTE Egyetemi Kiadványok Repozitórium
|b hun
|
| 041 |
|
|
|a hun
|
| 100 |
1 |
|
|a Korom Erzsébet
|
| 245 |
1 |
0 |
|a Természettudományos fogalmak fejlődésének longitudinális vizsgálata
|h [elektronikus dokumentum] :
|b a kezdő mérési pont eredményei /
|c Korom Erzsébet
|
| 260 |
|
|
|c 2008
|
| 300 |
|
|
|a 24
|
| 490 |
0 |
|
|a Pedagógiai Értékelési Konferencia
|v 6
|
| 695 |
|
|
|a Természetismeret - fogalmi fejlődés - előadáskivonat, Longitudinális vizsgálat - előadáskivonat
|
| 700 |
0 |
1 |
|a Nagy Lászlóné
|e aut
|
| 710 |
|
|
|a Pedagógiai Értékelési Konferencia (6.) (2008) (Szeged)
|
| 856 |
4 |
0 |
|u http://acta.bibl.u-szeged.hu/60431/1/pek_2008_024.pdf
|z Dokumentum-elérés
|